Guess the Movie - Minimalistic Pictures #16 - Statistics

General Stats
  • This quiz has been taken 57 times
  • The average score is 9 of 20
Answer Stats
Picture Hint Answer % Correct
2018 Black Panther
90%
2015 Inside Out
86%
2018 Avengers: Infinity War
80%
1991 Beauty and the Beast
80%
1988 Beetlejuice
76%
1995 Toy Story
73%
2004 White Chicks
67%
2004 The Punisher
65%
2009 The Princess and the Frog
59%
2015 Creed
51%
2001 Spirited Away
51%
2017 Blade Runner 2049
37%
1994 The Shawshank Redemption
29%
2009 Bride Wars
24%
2007 Hairspray
20%
2011 The Artist
16%
1998 Meet Joe Black
8%
1995 Heat
6%
1983 The Outsiders
6%
2012 Silver Linings Playbook
4%
No matching quizzes found
Score Distribution
Percent of People with Each Score
Percentile by Number Answered
Your Score History
You have not taken this quiz